Statistiken für Top 15 Länder mit Covid-19-Todesfällen - 15. September 2021

Klicken Sie hier um das Quiz zu spielen!

Allgemein

  • Dieses Quiz wurde 15 mal gespielt
  • Das Durchschnittsergebnis liegt bei 15 aus 25

Antwortstatistiken

Land% Korrekt
Brasilien
100%
Deutschland
100%
Vereinigte Staaten
100%
Frankreich
93%
Argentinien
86%
Indien
86%
Italien
86%
Mexiko
86%
Russland
86%
Vereinigtes Königreich
86%
Spanien
79%
Kolumbien
57%
Peru
50%
Tschechien
50%
Indonesien
43%
Iran
43%
Slowakei
43%
Belgien
36%
Slowenien
36%
Ungarn
36%
Bulgarien
29%
Bosnien und Herzegowina
21%
Paraguay
21%
Nordmazedonien
14%
Georgien
0%

Verteilung der Resultate

Perzentil nach korrekt beantworteten Fragen

Anzahl Personen mit jedem Resultat

Ihre Resultats-Entwicklung

Sie haben dieses Quiz noch nicht gespielt